Por los mundos del delito (Record no. 135772)

MARC details
000 -LEADER
campo de control de longitud fija 00671nam a2200181 4500
001 - NÚMERO DE CONTROL
campo de control 135772
003 - IDENTIFICADOR DE NÚMERO DE CONTROL
campo de control ES-MaACL
005 - FECHA Y HORA DE LA ÚLTIMA TRANSACCIÓN
campo de control 20230906194944.0
007 - CAMPO FIJO DE DESCRIPCIÓN FÍSICA--INFORMACIÓN GENERAL
campo de control de longitud fija t|
008 - DATOS DE LONGITUD FIJA--INFORMACIÓN GENERAL
campo de control de longitud fija 070214s1904 mx r ||||1| spa d
100 1# - ENTRADA PRINCIPAL--NOMBRE DE PERSONA
Nombre de persona Roumagnac, Carlos.
9 (RLIN) 100028
245 10 - MENCIÓN DEL TÍTULO
Título Por los mundos del delito
Resto del título : los crímenes en México : ensayo de psicología criminal /
Mención de responsabilidad, etc. Carlos Roumagnac ; seguido de dos casos de hermafrodismo observados por los señores doctores Ricardo Egea, Ignacio Ocampo.
260 ## - PUBLICACIÓN, DISTRIBUCIÓN, ETC.
Lugar de publicación, distribución, etc. México :
Nombre del editor, distribuidor, etc. El Fénix,
Fecha de publicación, distribución, etc. 1904.
300 ## - DESCRIPCIÓN FÍSICA
Extensión 389 p., 39 lám. ;
Dimensiones 20 cm.
700 1# - ENTRADA AGREGADA--NOMBRE PERSONAL
Nombre de persona Egea, Ricardo.
9 (RLIN) 46707
700 1# - ENTRADA AGREGADA--NOMBRE PERSONAL
Nombre de persona Ocampo, Ignacio.
9 (RLIN) 86439
852 ## - LOCALIZACIÓN
Ubicación ES-MaACL
Número de control de estantería G-1895
Holdings
Estatus retirado Estado de pérdida Estado de daño No para préstamo Biblioteca de origen Biblioteca actual Ubicación en estantería Fecha de adquisición Fuente de adquisición Total de préstamos Signatura topográfica completa Código de barras Visto por última vez Precio de reemplazo Tipo de ítem Koha
        Biblioteca del Ateneo de Madrid Biblioteca del Ateneo de Madrid Depósito 2 17/01/2008     G-1895 1141310 23/02/2023 23/02/2023 Libro impreso